Atlas histórico mundial

Saved in:
Bibliographic Details
Main Authors: Kinder, Hermann (Author), Hilgemann, Werner (Author)
Format: Book
Language:Spanish
Published: Madrid Istmo 1983
Edition:11a. ed
Series:Libro de bolsillo Istmo. Colección fundamentos, 2
Subjects:
Tags: Add Tag
No Tags, Be the first to tag this record!

MARC

LEADER 00000nam a2200000 a 4500
001 UCP2043
003 CL-VaPUC
008 990430e19830000SP |||||||||||||||||spa|d
082 0 4 |a 911  |b KIN  |2 21 
100 |a Kinder, Hermann  |e author  |9 574636 
700 0 |a Hilgemann, Werner  |e author  |9 428469 
245 1 0 |a Atlas histórico mundial 
250 |a 11a. ed 
300 |a 2 v 
942 |c BK 
945 |d 19990430 00:00:00  |a lriquelm 
260 |a Madrid  |b Istmo  |c 1983 
500 |a v.1: De los orígenes a la Revolución Francesa 
500 |a v.2: De la Revolución Francesa a nuestros días 
650 0 |a Geografía histórica   |9 267532 
650 0 |a Mapas  |9 260844 
650 0 |a Revoluciones  |9 255713 
650 7 |a NACIONALIDADES  |2 CL-VaPUC  |9 428470 
650 7 |a IMPERIALISMOS  |2 CL-VaPUC  |9 428471 
650 0 |a Primera Guerra Mundial   |9 373283 
650 0 |a Segunda Guerra Mundial  |9 325982 
583 |a last modification  |c 19990430 00:00:00  |k Rodrigo Vera 
490 0 |a Libro de bolsillo Istmo. Colección fundamentos, 2 
999 |c 280653  |d 280651 
952 |0 0  |1 0  |4 0  |6 911_000000000000000_KIN_1983  |7 0  |8 X  |9 321086  |a BIBHIS  |b BIBHIS  |d 2019-11-20  |h v.2  |i 133221K  |o 911 KIN 1983  |p 133221K  |r 2024-01-30  |w 2019-11-20  |y BK_X  |k HIS